|
|
|
|
| LEADER |
00000nab a2200000 a 4500 |
| 001 |
vtls001491164 |
| 003 |
SK-MaSNL |
| 005 |
20260304210643.0 |
| 008 |
250505c2004 xo mr|p|||||||000 b|slo |
| 015 |
|
|
|a SNBRB2005/01
|2 snkbucl
|
| 035 |
|
|
|a (uuid)8e553119-67ff-4336-8019-2f874d00acdb
|
| 035 |
|
|
|a urn:nbn:sk:snk-abu1c
|
| 035 |
|
|
|a (urnnbn)urn:nbn:sk:snk:ar-a05ebv
|
| 038 |
|
|
|a SNKBUCL
|
| 040 |
|
|
|a SNKBUCL
|b slo
|c SNKBUCL
|e AACR2
|
| 041 |
0 |
|
|a slo
|
| 044 |
|
|
|a xo
|c SK
|
| 080 |
|
|
|a 004.42
|2 1997
|
| 080 |
|
|
|a 004.438Visual Basic
|2 1997
|
| 100 |
1 |
|
|a Hanák, Ján,
|d 1982-
|4 aut
|9 251269
|
| 245 |
1 |
0 |
|a Ako na Visual Basic .NET II
|n 1. časť
|c Ján Hanák
|
| 500 |
|
|
|a Pokračovanie v č. 7-12
|
| 630 |
0 |
7 |
|a Microsoft Visual Basic.NET 2003
|2 snkbucl
|9 98793
|
| 650 |
0 |
7 |
|a programovanie
|2 snkbucl
|9 22041
|
| 650 |
0 |
7 |
|a programovacie jazyky
|2 snkbucl
|9 1838
|
| 773 |
0 |
|
|t PC revue
|g Roč. XII, č. 6 (2004), s. 156-157
|x 1335-0226
|
| 850 |
|
|
|a Slovenská národná knižnica
|
| 852 |
|
|
|a Slovenská národná knižnica
|
| 954 |
|
|
|a odborná, vedecká literatúra pôvodná (slovenská)
|2 lita
|
| 958 |
|
|
|a article27
|
| 958 |
|
|
|a OND
|
| 958 |
|
|
|a EUIPO
|
| 999 |
|
|
|c 3127047
|d 3128977
|